000 01683nam a2200241Ia 4500
999 _c55637
_d55637
001 22732
003 GE_BSU
005 20230504161612.0
008 181216s ||||ge |||||||||||||| ||geo||
020 _a9789941904806
040 _cGE_BSU
041 _ageo
080 _a821.112.2(436)-1 მ-46
245 _aმე-20 საუკუნის ავსტრიული ლირიკა = Osterreichische Lyrik des 20. Jahrhunderts :
_bმასალები ტ. 13 ქრისტინე ლავანტი, ქრისტინე ბუსტა /
_cწინასიტყვ. : ვილანდ შმიდი, დათო ბარბაქაძე ; მთარგმნ. : ლულუ დადიანი და სხვ. ; იდეის ავტ. და ხელმძღვ. დათო ბარბაქაძე.
264 _aთბილისი:
_bპოლილოგი,
_c2008.
300 _a504 გვ. ;
_c20 სმ.
500 _aმრავალტომეულის გარეკანის გასაფორმებლად გამოყენებულია ავსტრიელი მხატვრის გუსტავ კლიმტის ნამუშევარი
520 _aმრავალტომეულის გარეკანის გასაფორმებლად გამოყენებულია ავსტრიელი მხატვრის გუსტავ კლიმტის ნამუშევარი.
541 _h7ლ.
653 _aლექსები
653 _aლიტერატურა
942 _cBK
_2udc